书目信息 |
| 题名: |
话剧艺术与京剧艺术的融合
|
|
| 作者: | 苏静 著 | |
| 分册: | ||
| 出版信息: | 北京 新华出版社 2021.3 |
|
| 页数: | 184页 | |
| 开本: | 24cm | |
| 丛书名: | ||
| 单 册: | ||
| 中图分类: | J834 , J821.2 | |
| 科图分类: | ||
| 主题词: | 话剧艺术--关系--京剧--表演艺术--研究 | |
| 电子资源: | ||
| ISBN: | 978-7-5166-5300-5 | |
| 000 | 00802nam0 2200241 45 | |
| 001 | 012001001175 | |
| 005 | 20130910162937.0 | |
| 010 | @a978-7-5166-5300-5@dCNY68.00 | |
| 100 | @a20210331d2020 em y0chiy0110 ea | |
| 101 | 0 | @achi |
| 102 | @aCN@b110000 | |
| 105 | @aa z 000yy | |
| 106 | @ar | |
| 200 | 1 | @a话剧艺术与京剧艺术的融合@Ahua ju yi shu yu jing ju yi shu de rong he@f苏静著 |
| 210 | @a北京@c新华出版社@d2021.3 | |
| 215 | @a184页@c图@d24cm | |
| 330 | @a本书分五章,内容包括:中国话剧艺术概述、话剧表演形体基础理论、京剧艺术概述、京剧表演身段功基础理论、话剧艺术与京剧艺术的融合探究。 | |
| 606 | 0 | @a话剧艺术@x关系@x京剧@x表演艺术@x研究 |
| 690 | @aJ834@v5 | |
| 690 | @aJ821.2@v5 | |
| 701 | 0 | @a苏静@Asu jing@4著 |
| 801 | @aCN@b江苏凤凰@c20211018 | |
| 905 | @b1342479-82@dJ834@e225@f4 | |
| 话剧艺术与京剧艺术的融合/苏静著.-北京:新华出版社,2021.3 |
| 184页:图;24cm |
| ISBN 978-7-5166-5300-5:CNY68.00 |
| 本书分五章,内容包括:中国话剧艺术概述、话剧表演形体基础理论、京剧艺术概述、京剧表演身段功基础理论、话剧艺术与京剧艺术的融合探究。 |
| ● |
| 相关链接 |
|
|
|
|
正题名:话剧艺术与京剧艺术的融合
索取号:J834/225
 
预约/预借
| 序号 | 登录号 | 条形码 | 馆藏地/架位号 | 状态 | 备注 |
| 1 | 1342479 | 213424793 | 第一样本阅览室/ [索取号:J834/225] | 在馆 | |
| 2 | 1342480 | 213424800 | 第一借阅区/ [索取号:J834/225] | 在馆 | |
| 3 | 1342481 | 213424819 | 第一借阅区/ [索取号:J834/225] | 在馆 | |
| 4 | 1342482 | 213424828 | 第一借阅区/ [索取号:J834/225] | 在馆 |